• 首页
  • 本馆介绍
  • 公告通知
  • 最新文献
  • 馆藏检索
  • 电子资源
  • 读者导购
  • 参考咨询
  • 我的图书馆
  • 登录
  • 详细信息显示
  • 放入我的书架
  • 预约/预借图书
  • 作者相关作品
  • 分类相关作品
  • 丛书相关作品
  • 出版社相关作品

书目信息

  • 表格格式
  • 工作单格式
  • 卡片格式
题名:
海上探险
    
 
作者: 沈顺根 编著
分册:  
出版信息: 北京   海潮出版社  2004.01
页数: 197页
开本: 20cm
丛书名: 《海洋历险》丛书
单 册:
中图分类: P7
科图分类:
主题词: 海洋学
电子资源:
ISBN: 7-80151-784-9
000 00594nam0 2200217 450
001 0531009213
005 20090622100332.92
010    @a7-80151-784-9@dCNY13.40
100    @a20050119d2004 km y0chiy0120 ea
101 0  @achi
102    @aCN@b110000
200 1  @a海上探险@Ahai shang tan xian@f沈顺根编著@Fshen shun gen bian zhu
210    @a北京@c海潮出版社@d2004.01
215    @a197页@d20cm
225 2  @a《海洋历险》丛书
410  0 @12001 @a《海洋历险》丛书
606 0  @a海洋学
690    @aP7@v4
701  0 @a沈顺根@Ashen shun gen@4编著
801  0 @aCN@bPFT@c20090622
905    @aBZT@dP7@e12
    
    海上探险/沈顺根编著.-北京:海潮出版社,2004.01
    197页;20cm.-(《海洋历险》丛书)
    
    
    ISBN 7-80151-784-9:CNY13.40
    
●
相关链接 在五车中查询图书 在当当中查询图书 在豆瓣中查询图书


正题名:海上探险     索取号:P7/12         预约/预借

序号 登录号 条形码 馆藏地/架位号 状态 备注
1 381840   210126157   中心书库北库/ 北库005架A面1列3层24/ [索取号:P7/12] 在馆    
2 381841   210126166   中心书库北库/ 北库005架A面1列3层29/ [索取号:P7/12] 在馆    
3 381842   210126148   中心书库北库/ 北库005架A面3列3层3/ [索取号:P7/12] 在馆    
4 381843   210126139   中心书库北库/ 北库005架A面1列3层27/ [索取号:P7/12] 在馆    
5 381844   210126111   中心书库北库/ 北库005架A面3列3层4/ [索取号:P7/12] 在馆    
6 381846   210126102   中心书库北库/ 北库005架A面3列3层17/ [索取号:P7/12] 在馆    
7 381847   210126095   中心书库北库/ 北库005架A面3列3层10/ [索取号:P7/12] 在馆    
8 381848   210126086   中心书库北库/ 北库005架A面3列3层6/ [索取号:P7/12] 在馆    
9 381849   210126077   思政阅览室/思1架B面1层3列/ [索取号:P7/12] 在馆    
10 399776   210284379   中心书库北库/ 北库005架A面3列3层16/ [索取号:P7/12] 在馆    
11 399777   210284360   中心书库北库/ 北库005架A面1列3层28/ [索取号:P7/12] 在馆    
12 399778   210284351   中心书库北库/ 北库005架A面3列3层8/ [索取号:P7/12] 在馆    
13 399779   210284342   中心书库北库/ 北库005架A面1列3层26/ [索取号:P7/12] 在馆    
14 399780   210284333   中心书库北库/ 北库005架A面3列3层5/ [索取号:P7/12] 在馆    
15 399781   210284324   中心书库北库/ 北库005架A面1列3层25/ [索取号:P7/12] 在馆    
16 399782   210284315   中心书库北库/ 北库005架A面3列3层9/ [索取号:P7/12] 在馆    
17 399783   210284306   中心书库北库/ 北库005架A面3列3层13/ [索取号:P7/12] 在馆    
18 399784   210284280   中心书库北库/ 北库005架A面3列3层11/ [索取号:P7/12] 在馆    
19 399785   210284299   中心书库北库/ 北库005架A面3列3层7/ [索取号:P7/12] 在馆    
20 525893   230144197   中心书库北库/ 北库005架A面3列3层15/ [索取号:P7/12] 在馆    
21 525894   230144196   中心书库北库/ 北库005架A面3列3层2/ [索取号:P7/12] 在馆    
22 525895   230144195   中心书库北库/ 北库005架A面3列3层14/ [索取号:P7/12] 在馆    
23 525896   230144194   中心书库北库/ 北库005架A面3列3层1/ [索取号:P7/12] 在馆    
24 525897   230144193   中心书库北库/ 北库005架A面3列3层12/ [索取号:P7/12] 在馆    
山东省滨州职业学院图书馆 欢迎您!
大连网信软件有限公司© 版权所有